<?xml version="1.0" encoding="UTF-8"?>
<record
    xmlns:xsi="http://www.w3.org/2001/XMLSchema-instance"
    xsi:schemaLocation="http://www.loc.gov/MARC21/slim http://www.loc.gov/standards/marcxml/schema/MARC21slim.xsd"
    xmlns="http://www.loc.gov/MARC21/slim">

  <leader>03129nam a2200373 i 4500</leader>
  <controlfield tag="001">000037942</controlfield>
  <controlfield tag="003">DO-SdBNP</controlfield>
  <controlfield tag="005">20260317134643.0</controlfield>
  <controlfield tag="007">ta</controlfield>
  <controlfield tag="008">130311s1996    dr            000 0 spa d</controlfield>
  <datafield tag="020" ind1=" " ind2=" ">
    <subfield code="a">8484002020</subfield>
  </datafield>
  <datafield tag="040" ind1=" " ind2=" ">
    <subfield code="a">DO-SdBNP</subfield>
    <subfield code="b">spa</subfield>
    <subfield code="c">BNPHU</subfield>
    <subfield code="e">rda</subfield>
  </datafield>
  <datafield tag="041" ind1=" " ind2=" ">
    <subfield code="a">spa</subfield>
  </datafield>
  <datafield tag="082" ind1=" " ind2="4">
    <subfield code="a">338.97293</subfield>
    <subfield code="b">G892a</subfield>
    <subfield code="2">22</subfield>
  </datafield>
  <datafield tag="110" ind1="2" ind2=" ">
    <subfield code="a">Grupo de Acci&#xF3;n por la Democracia (Rep&#xFA;blica Dominicana)</subfield>
    <subfield code="9">83407</subfield>
  </datafield>
  <datafield tag="245" ind1="1" ind2="0">
    <subfield code="a">Agenda nacional de desarrollo</subfield>
  </datafield>
  <datafield tag="264" ind1=" " ind2="4">
    <subfield code="a">Santo Domingo, Rep&#xFA;blica Dominicana :</subfield>
    <subfield code="b">Pontificia Universidad Cat&#xF3;lica Madre y Maestra (PUCMM) ;</subfield>
    <subfield code="c">&#xA9;1996.</subfield>
  </datafield>
  <datafield tag="300" ind1=" " ind2=" ">
    <subfield code="a">volumen ;</subfield>
    <subfield code="c">21 cm.</subfield>
  </datafield>
  <datafield tag="336" ind1=" " ind2=" ">
    <subfield code="a">texto</subfield>
    <subfield code="b">txt</subfield>
    <subfield code="2">rdacontent</subfield>
  </datafield>
  <datafield tag="337" ind1=" " ind2=" ">
    <subfield code="a">sin mediaci&#xF3;n</subfield>
    <subfield code="b">n</subfield>
    <subfield code="2">rdamedia</subfield>
  </datafield>
  <datafield tag="338" ind1=" " ind2=" ">
    <subfield code="a">volumen</subfield>
    <subfield code="b">nc</subfield>
    <subfield code="2">rdacarrier</subfield>
  </datafield>
  <datafield tag="505" ind1=" " ind2=" ">
    <subfield code="a">Prioridades principales del gran encuentro--</subfield>
    <subfield code="t">Lucha contra la pobreza, enfatizando la generaci&#xF3;n de empleo --</subfield>
    <subfield code="t">Suministro de energ&#xED;a el&#xE9;ctrica estable, suficiente y a costo razonable --</subfield>
    <subfield code="t">Mejoramiento de la educaci&#xF3;n, en calidad y cantidad, mediante el aumento del gasto p&#xFA;blico en educaci&#xF3;n --</subfield>
    <subfield code="t">Mejoramiento del sistema de salud, estableciendo un marco jur&#xED;dico adecuado y un plan b&#xE1;sico de salud para todos --</subfield>
    <subfield code="t">Focalizar la construcci&#xF3;n p&#xFA;blica de viviendas en los sectores m&#xE1;s pobres, mientras el Estado promueve y regula la de otros grupos --</subfield>
    <subfield code="t">Promover, a corto y mediano plazos, la incorporaci&#xF3;n de la poblaci&#xF3;n asalariada en un r&#xE9;gimen de seguridad social que, a largo plazo, cubra roda la poblaci&#xF3;n --</subfield>
    <subfield code="t">Modernizaci&#xF3;n del Estado, enfatizando la eficiencia y racionalidad de la administraci&#xF3;n p&#xFA;blica, la gobernabilidad y rendici&#xF3;n de cuentas --</subfield>
    <subfield code="t">Implantar un estado de derecho que asegure la justicia, el cumplimiento de las leyes y el control del ejercicio del poder --</subfield>
    <subfield code="t">Profundizar la democracia a trav&#xE9;s de la participaci&#xF3;n, la descentralizaci&#xF3;n y un mejor sistema de representaci&#xF3;n pol&#xED;tica en el Estado v.1 77 Fomentar y proteger los recursos naturales, forestales y costeros --</subfield>
    <subfield code="t">REorientaci&#xF3;n del gasto p&#xFA;blico --</subfield>
    <subfield code="t">Modelo econ&#xF3;mico, econom&#xED;a estable, incentivos - ahorros</subfield>
    <subfield code="t">Equidad de g&#xE9;nero --</subfield>
    <subfield code="t">Crecimiento urbano, saneamiento b&#xE1;sico y medio ambiente --</subfield>
    <subfield code="t">Comercio exterior --</subfield>
    <subfield code="t">Agricultura de campesions pobres --</subfield>
    <subfield code="t">Menores en circunstancias especialmente dif&#xED;ciles --</subfield>
    <subfield code="t">Previsi&#xF3;n social para la vejez -- La pobreza --</subfield>
    <subfield code="t">Desigualdad --</subfield>
    <subfield code="t">Desempleo --</subfield>
    <subfield code="t">Emigraci&#xF3;n y remesas--</subfield>
    <subfield code="t">Pol&#xED;ticas: consideraciones generales--</subfield>
    <subfield code="t">Algunas pol&#xED;ticas recomendadas para la generaci&#xF3;n de empleo</subfield>
  </datafield>
  <datafield tag="590" ind1=" " ind2=" ">
    <subfield code="a">Inventariado, 2023/BT</subfield>
  </datafield>
  <datafield tag="650" ind1=" " ind2="4">
    <subfield code="a">Desarrollo de la comunidad</subfield>
    <subfield code="9">2533</subfield>
  </datafield>
  <datafield tag="650" ind1=" " ind2="4">
    <subfield code="a">Desarrollo social</subfield>
    <subfield code="z">Rep&#xFA;blica Dominicana</subfield>
    <subfield code="9">7783</subfield>
  </datafield>
  <datafield tag="650" ind1=" " ind2="7">
    <subfield code="a">Mercado de trabajo</subfield>
    <subfield code="v">Congresos, conferencias, etc.</subfield>
    <subfield code="z">Rep&#xFA;blica Dominicana</subfield>
    <subfield code="2">LIBRUNAM</subfield>
    <subfield code="9">19058</subfield>
  </datafield>
  <datafield tag="650" ind1=" " ind2="4">
    <subfield code="a">Pobreza</subfield>
    <subfield code="z">Rep&#xFA;blica Dominicana </subfield>
    <subfield code="9">2079</subfield>
  </datafield>
  <datafield tag="651" ind1=" " ind2="4">
    <subfield code="a">Rep&#xFA;blica Dominicana</subfield>
    <subfield code="x">Condiciones econ&#xF3;micas</subfield>
    <subfield code="9">281</subfield>
  </datafield>
  <datafield tag="651" ind1=" " ind2="4">
    <subfield code="a">Rep&#xFA;blica Dominicana </subfield>
    <subfield code="x">Pol&#xED;tica econ&#xF3;mica</subfield>
    <subfield code="9">643</subfield>
  </datafield>
  <datafield tag="651" ind1=" " ind2="4">
    <subfield code="a">Rep&#xFA;blica Dominicana</subfield>
    <subfield code="x">Emigraci&#xF3;n e inmigraci&#xF3;n</subfield>
    <subfield code="9">290</subfield>
  </datafield>
  <datafield tag="710" ind1="2" ind2=" ">
    <subfield code="a">Pontificia  Universidad Cat&#xF3;lica Madre y Maestra </subfield>
    <subfield code="9">843</subfield>
  </datafield>
  <datafield tag="910" ind1=" " ind2=" ">
    <subfield code="a">BT/Validado. Control de calidad MFF</subfield>
  </datafield>
  <datafield tag="942" ind1=" " ind2=" ">
    <subfield code="2">ddc</subfield>
    <subfield code="c">LBS1</subfield>
  </datafield>
  <datafield tag="952" ind1=" " ind2=" ">
    <subfield code="0">0</subfield>
    <subfield code="1">0</subfield>
    <subfield code="2">ddc</subfield>
    <subfield code="5">1</subfield>
    <subfield code="7">0</subfield>
    <subfield code="8">PD</subfield>
    <subfield code="a">BNPHU</subfield>
    <subfield code="b">BNPHU</subfield>
    <subfield code="c">HD</subfield>
    <subfield code="d">2013-03-11</subfield>
    <subfield code="o">BNPHU PD 338.97293 G892a</subfield>
    <subfield code="p">37942-10</subfield>
    <subfield code="r">2020-06-25</subfield>
    <subfield code="t">v.1</subfield>
    <subfield code="w">2020-06-25</subfield>
    <subfield code="y">LBS1</subfield>
  </datafield>
  <datafield tag="952" ind1=" " ind2=" ">
    <subfield code="0">0</subfield>
    <subfield code="1">0</subfield>
    <subfield code="2">ddc</subfield>
    <subfield code="5">1</subfield>
    <subfield code="7">0</subfield>
    <subfield code="8">PD</subfield>
    <subfield code="a">BNPHU</subfield>
    <subfield code="b">BNPHU</subfield>
    <subfield code="c">HD</subfield>
    <subfield code="d">2013-05-10</subfield>
    <subfield code="o">BNPHU PD 338.97293 G892a</subfield>
    <subfield code="p">37942-20</subfield>
    <subfield code="r">2020-06-25</subfield>
    <subfield code="t">v.1, e.2</subfield>
    <subfield code="w">2020-06-25</subfield>
    <subfield code="y">LBS1</subfield>
  </datafield>
  <datafield tag="952" ind1=" " ind2=" ">
    <subfield code="0">0</subfield>
    <subfield code="1">0</subfield>
    <subfield code="2">ddc</subfield>
    <subfield code="5">6</subfield>
    <subfield code="7">0</subfield>
    <subfield code="8">DS</subfield>
    <subfield code="a">BNPHU</subfield>
    <subfield code="b">BNPHU</subfield>
    <subfield code="c">HD</subfield>
    <subfield code="d">2023-03-14</subfield>
    <subfield code="e">Donaci&#xF3;n</subfield>
    <subfield code="o">BNPHU DS 338.97293 G892a</subfield>
    <subfield code="p">37942-30</subfield>
    <subfield code="r">2023-03-14</subfield>
    <subfield code="t">v.1, e.3</subfield>
    <subfield code="w">2023-03-14</subfield>
    <subfield code="y">LBS1</subfield>
  </datafield>
  <datafield tag="952" ind1=" " ind2=" ">
    <subfield code="0">0</subfield>
    <subfield code="1">0</subfield>
    <subfield code="2">ddc</subfield>
    <subfield code="5">6</subfield>
    <subfield code="7">0</subfield>
    <subfield code="8">DS</subfield>
    <subfield code="a">BNPHU</subfield>
    <subfield code="b">BNPHU</subfield>
    <subfield code="c">HD</subfield>
    <subfield code="d">2023-05-17</subfield>
    <subfield code="l">0</subfield>
    <subfield code="o">BNPHU DS 338.97293 G892a</subfield>
    <subfield code="p">37942-40</subfield>
    <subfield code="r">2023-05-17</subfield>
    <subfield code="t">v.1 e. 4</subfield>
    <subfield code="w">2023-05-17</subfield>
    <subfield code="y">LBS1</subfield>
  </datafield>
  <datafield tag="952" ind1=" " ind2=" ">
    <subfield code="0">0</subfield>
    <subfield code="1">0</subfield>
    <subfield code="2">ddc</subfield>
    <subfield code="5">6</subfield>
    <subfield code="7">0</subfield>
    <subfield code="8">DS</subfield>
    <subfield code="a">BNPHU</subfield>
    <subfield code="b">BNPHU</subfield>
    <subfield code="c">HD</subfield>
    <subfield code="d">2023-05-17</subfield>
    <subfield code="l">0</subfield>
    <subfield code="o">BNPHU DS 338.97293 G892a</subfield>
    <subfield code="p">37942-50</subfield>
    <subfield code="r">2023-05-17</subfield>
    <subfield code="t">v.1, e.5</subfield>
    <subfield code="w">2023-05-17</subfield>
    <subfield code="y">LBS1</subfield>
  </datafield>
  <datafield tag="999" ind1=" " ind2=" ">
    <subfield code="c">37432</subfield>
    <subfield code="d">37432</subfield>
  </datafield>
</record>
